El Anfitrión / (Record no. 162259)

MARC details
000 -LEADER
campo de control de longitud fija 00860nam a22002415i 4500
001 - NÚMERO DE CONTROL
campo de control 162259
003 - IDENTIFICADOR DE NÚMERO DE CONTROL
campo de control ES-MaACL
005 - FECHA Y HORA DE LA ÚLTIMA TRANSACCIÓN
campo de control 20230906212451.0
008 - DATOS DE LONGITUD FIJA--INFORMACIÓN GENERAL
campo de control de longitud fija 940606s1859 sp |||| | spa d
040 ## - FUENTE DE CATALOGACIÓN
Centro catalogador/agencia de origen CAT
Lengua de catalogación spa
Centro/agencia transcriptor CAT
Centro/agencia modificador CCPB
080 ## - NÚMERO DE LA CLASIFICACIÓN DECIMAL UNIVERSAL
Número de la Clasificación Decimal Universal 871-2"-03/-02"
100 0# - ENTRADA PRINCIPAL--NOMBRE DE PERSONA
Nombre de persona Plauto, Tito Maccio.
9 (RLIN) 92613
245 13 - MENCIÓN DEL TÍTULO
Título El Anfitrión /
Mención de responsabilidad, etc. de Plauto. Y La andriana / de Terencio ; traducidas del latín al castellano por Salvador Costanzo.
260 ## - PUBLICACIÓN, DISTRIBUCIÓN, ETC.
Lugar de publicación, distribución, etc. Madrid :
Nombre del editor, distribuidor, etc. [s.n.],
Fecha de publicación, distribución, etc. 1859 (
Fabricante Establecimiento Tipográfico de F. de P. Mellado)
300 ## - DESCRIPCIÓN FÍSICA
Extensión 128 p. ;
Dimensiones 24 cm.
594 #1 - Nota al título y mención de responsabilidad
Nota al título y mención de responsabilidad Texto paralelo latin castellano a dos col.
700 1# - ENTRADA AGREGADA--NOMBRE PERSONAL
Nombre de persona Terencio Africano, Publio.
9 (RLIN) 109734
700 1# - ENTRADA AGREGADA--NOMBRE PERSONAL
Nombre de persona Mellado, Francisco de Paula.
9 (RLIN) 129810
700 1# - ENTRADA AGREGADA--NOMBRE PERSONAL
Nombre de persona Costanzo, Salvador.
9 (RLIN) 41130
740 0# - ENTRADA AGREGADA--TÍTULO RELACIONADO/ANALÍTICO NO CONTROLADO
Título relacionado o analítico no controlado Andriana.
852 ## - LOCALIZACIÓN
Ubicación ES-MaACL
Número de control de estantería G-6977
Nota libre -- Enc. hol.
Holdings
Estatus retirado Estado de pérdida Estado de daño No para préstamo Colección Biblioteca de origen Biblioteca actual Ubicación en estantería Fecha de adquisición Fuente de adquisición Total de préstamos Signatura topográfica completa Código de barras Visto por última vez Precio de reemplazo Tipo de ítem Koha
        Libros del s. XIX Biblioteca del Ateneo de Madrid Biblioteca del Ateneo de Madrid Depósito 2 17/01/2008     G-6977 1169988 23/02/2023 23/02/2023 Libro impreso antiguo